| 000 | 01462nam a2200349 i 4500 | ||
|---|---|---|---|
| 999 |
_c65199 _d65199 |
||
| 001 | 768714001 | ||
| 003 | CO-MdFUSB | ||
| 005 | 20190917144450.0 | ||
| 008 | 190909b2019 pe |||| |||| 00| 0 spa d | ||
| 020 | _a9786124252310 | ||
| 040 |
_aCO-MdFUSB _bspa _cCO-MdFUSB _dCO-MdFUSBC _erda |
||
| 041 |
_aspa _heng |
||
| 082 |
_223 _a226.406 _bH425 |
||
| 100 | 1 |
_aHays, Christopher M., _d1983- _eautor |
|
| 240 | _aRenouncing everything : money and discipleship in Luke. | ||
| 245 | 1 |
_aRenunciar a todo : _bEl dinero y el discipulado en Lucas. _c/ Christopher M. Hays ; traducido por Russell Wm. Hultgren y Guillermo Mejía Castillo. |
|
| 264 | 1 |
_aLima, Perú : _bEdiciones Puma, _c[2019] |
|
| 264 | 4 | _c© 2019 | |
| 300 |
_a140 páginas _c; 23 cm |
||
| 336 |
_2rdacontent _atexto _btxt |
||
| 337 |
_2rdamedia _asin mediación _bn |
||
| 338 |
_2rdacarrier _avolumen _bnc |
||
| 504 | _aIncluye referencias bibliográficas (páginas 131-134) | ||
| 505 | _aLos problemas. -- Acercándonos a una explicación. -- Compromiso total con Dios. -- Modelos de discipulado en Lucas. -- Modelos de discipulado en Hechos. -- ¿Por qué renunciar a todo?. -- Guía para el discípulo contemporáneo. | ||
| 563 | _aRústico. | ||
| 630 | 7 |
_aBiblia. _vLucas _xCrítica, interpretación, etc. |
|
| 650 | 0 |
_916 _aBiblia |
|
| 700 |
_92380 _aHultgren, Russell Wm. _etraductor |
||
| 700 |
_92381 _aMejía Castillo, Guillermo. _etraductor |
||
| 942 | _cBK | ||
| 945 | _aJTF-925 | ||